000 00448nam a2200181Ia 4500
001 7730
005 20260306160516.0
008 260306t2017||||xx |||||||||||||| ||spa||
041 _aESP
082 _a355.40985
_bG42
100 _aGiampietri, Luis,
_eAUT
245 0 _aRehén por siempre :
_boperación Chavín de Huántar
260 _c2017
300 _a187 páginas :
_c24 cm.
650 _aGEN
654 _aCHU
942 _cLIB
_dJUS
_fJUS
_2ddc
_n
999 _c7730
_d7730